| 000 | 00374nam a2200145Ia 4500 | ||
|---|---|---|---|
| 008 | 230917s9999||||xx |||||||||||||| ||und|| | ||
| 040 |
_e147468 _aMAIN |
||
| 041 | _aEnglish | ||
| 082 | _a301.4443 B598L | ||
| 100 | _aBlanco, Hugo | ||
| 245 | 0 | _aLand Or death the peasant struggele in peru | |
| 260 |
_aNew York _bpathfinder pres _c1977 |
||
| 300 | _a178p p. | ||
| 942 | _cBK | ||
| 999 |
_c206781 _d206781 |
||